Doctor Dread: (Record no. 205996)

MARC details
000 -LEADER
fixed length control field 00589nam a2200193 4500
005 - DATE AND TIME OF LATEST TRANSACTION
control field 20240930111320.0
010 ## - LCCN (DPL NO)
LC control number ENG-141827
020 ## - INTERNATIONAL STANDARD BOOK NUMBER
International Standard Book Number 9789380658414
Terms of availability 250.00
035 ## - SYSTEM CONTROL NUMBER
System control number EN-125359
037 ## - SOURCE OF ACQUISITION
Source of stock number/acquisition DBAD/PUB
082 ## - DEWEY DECIMAL CLASSIFICATION NUMBER
Classification number N
100 ## - MAIN ENTRY--PERSONAL NAME
Personal name Safi Ibne
245 ## - TITLE STATEMENT
Title Doctor Dread:
Statement of responsibility, etc Translated by Faruqi Shamshur Rahman
260 ## - PUBLICATION, DISTRIBUTION, ETC. (IMPRINT)
Place of publication, distribution, etc Chennai
Name of publisher, distributor, etc Blaft Publication Pvt. Ltd.
Date of publication, distribution, etc 1957
270 ## - ADDRESS
Address 4/92 Ellaiammam Koli St.
City Chennai
Postal code 1600041
Electronic mail address baft.com
300 ## - PHYSICAL DESCRIPTION
Extent 187p.
Dimensions 21cm(Sb)
700 ## - ADDED ENTRY--PERSONAL NAME
Personal name IBNE Safi
Relator term Translated by Faruqi Rahman Shamshur
9 (RLIN) 72163
942 ## - ADDED ENTRY ELEMENTS (KOHA)
Source of classification or shelving scheme Dewey Decimal Classification
Item type English Books
Classification part N
Call number suffix SAF
Holdings
Withdrawn status Lost status Not for loan Collection code Home library Current library Date acquired Source of acquisition Cost, normal purchase price Full call number Barcode Copy number Cost, replacement price Koha item type
    Not For Loan Fiction D.B.Act.Division D.B.Act.Division 30/09/2024 DBAD 250.00 N SAF EN-125359 1 250.00 English Books

© Delhi Public Library
Hit Counter
free hit counter